LIBRARY & INFORMATION CENTRE, KCAET, TAVANUR

ONLINE PUBLIC ACCESS CATALOGUE (OPAC)

Quality assurance in spices and spice products : Modern methods of analysis / (Record no. 10093)

MARC details
000 -LEADER
fixed length control field 00507cam a2200181ua 4500
020 ## - INTERNATIONAL STANDARD BOOK NUMBER
ISBN 81 7023 896 x
041 ## - LANGUAGE CODE
Language code of text/sound track or separate title eng
082 ## - DEWEY DECIMAL CLASSIFICATION NUMBER
Classification number 633.83068
Item number PRU/QU
100 ## - MAIN ENTRY--AUTHOR NAME
Personal name Pruthi, J S .
245 ## - TITLE STATEMENT
Title Quality assurance in spices and spice products : Modern methods of analysis /
260 ## - PUBLICATION, DISTRIBUTION, ETC. (IMPRINT)
Place of publication Mumbai :
Name of publisher Allied Publishers Pvt Ltd ,
Year of publication 1999.
300 ## - PHYSICAL DESCRIPTION
Number of Pages 576 ; .
500 ## - GENERAL NOTE
General note **Reference
942 ## - ADDED ENTRY ELEMENTS (KOHA)
Koha item type Books
Holdings
Withdrawn status Lost status Damaged status Collection code Home library Current library Shelving location Date acquired Full call number Accession Number Koha item type
      General Books KAUAET KAUAET General Stacks 07/04/2012 633.83068 20571 Books
        KAUAET KAUAET   07/04/2012 633.83068 20437 Reference
free website counter